000 02050nam a22002297a 4500
999 _c59826
_d59826
003 Ge_BSU
005 20230425141314.0
008 230425s2023ge xxu||||| |||| 00| 0 geo d
041 _ageo
080 _a33 წ-56
100 _aწილოსანი,ამირან
_917776
245 _aკონკურენტული სტრატეგიები საქართველოს საკონტეინერო გადაზიდვებში და გლობალურ სატრანსპორტო ბაზარზე ინტეგრაციის პერსპექტივებში :
_bდიესტრაცია /
_cამირან წილოსანი, სამეცნ.ხელმძღ. ბადრი გეჩბაია
264 _aბათუმი :
_bბათუმის სახელმწიფო უნივერსიტეტი,
_c2023.
300 _a174 გვ.:
_bილ,
_c29 სმ.
653 _aკონკურენტული სტრატეგიები საქართველოს საკონტეინერო გადაზიდვებში და გლობალურ სატრანსპორტო ბაზარზე ინტეგრაციის პერსპექტივებში
653 _aეკონომიკა
653 _aდისერტაცია
700 _aგეჩბაია, ბადრი
_eსამეცნიერო ხელმძღვანელი
_917777
710 _aბათუმის შოთა რუსთაველის სახელმწიფო უნივერსიტეტი
_917778
710 _aეკონომიკისა და ბიზნესის ფაკულტეტი ბიზნესის ადმინისტრირების მენეჯმენტისა და მარკეტინგის დეპარტამენტი
_93220
942 _2udc
_cDS